[Event "Chess24 Banter Final 2020"]
[Site "chess24.com INT"]
[Date "2020.09.21"]
[Round "1.1"]
[White "So, Wesley"]
[Black "Shankland, Sam"]
[Result "1-0"]
[WhiteTitle "GM"]
[BlackTitle "GM"]
[WhiteElo "2770"]
[BlackElo "2691"]
[WhiteFideId "5202213"]
[BlackFideId "2004887"]
[EventDate "2020.09.21"]

1. Nf3 d5 2. e3 Nf6 3. c4 c6 4. Nc3 e6 5. b3 Bd6 6. Bb2 O-O 7. Qc2 e5 8. cxd5
cxd5 9. Nb5 Nc6 10. Nxd6 Qxd6 11. Bb5 Bg4 12. Bxc6 Bxf3 13. gxf3 bxc6 14. Rg1 d4
15. Rc1 Rad8 16. Qxc6 dxe3 17. Qxd6 exf2+ 18. Kxf2 Rxd6 19. Bxe5 Re6 20. d4 g6
21. Rc7 Nd5 22. Rxa7 f6 23. Bg3 Rc8 24. Re1 Rc2+ 25. Kf1 Rxe1+ 26. Kxe1 f5 27.
Be5 f4 28. Rg7+ Kf8 29. Rd7 Ne3 30. Bxf4 Ng2+ 31. Kd1 Rxa2 32. Bh6+ Ke8 33. Rxh7
Nh4 34. d5 Ra5 35. Bd2 Ra1+ 36. Ke2 Nf5 37. Kd3 Rb1 38. Kc4 Rd1 39. Bg5 1-0

[Event "Chess24 Banter Final 2020"]
[Site "chess24.com INT"]
[Date "2020.09.21"]
[Round "1.2"]
[White "Shankland, Sam"]
[Black "So, Wesley"]
[Result "1/2-1/2"]
[WhiteTitle "GM"]
[BlackTitle "GM"]
[WhiteElo "2691"]
[BlackElo "2770"]
[WhiteFideId "2004887"]
[BlackFideId "5202213"]
[EventDate "2020.09.21"]

1. d4 Nf6 2. c4 e6 3. g3 d5 4. Bg2 Be7 5. Nf3 O-O 6. b3 dxc4 7. bxc4 c5 8. O-O
cxd4 9. Nxd4 Qb6 10. Ba3 Bxa3 11. Nxa3 e5 12. Ndc2 Rd8 13. Qc1 Nc6 14. Rb1 Qc7
15. Qb2 Qe7 16. Ne3 Nd4 17. Nb5 Be6 18. Rfd1 Qc5 19. Nxd4 exd4 20. Nd5 Nxd5 21.
cxd5 Bxd5 22. Qxd4 Qxd4 23. Rxd4 Bxa2 24. Rxd8+ Rxd8 25. Rxb7 a6 26. Ra7 Bc4 27.
Bf3 g6 28. h4 h5 29. Kg2 Kg7 30. e3 Rd6 31. Rc7 Bd5 32. Bxd5 Rxd5 33. Ra7 a5 34.
e4 Re5 35. Kf3 Rb5 36. Ke3 Rb3+ 37. Kf4 Rb2 38. f3 Rb5 39. g4 hxg4 40. fxg4 1/2-1/2

[Event "Chess24 Banter Final 2020"]
[Site "chess24.com INT"]
[Date "2020.09.21"]
[Round "1.3"]
[White "So, Wesley"]
[Black "Shankland, Sam"]
[Result "0-1"]
[WhiteTitle "GM"]
[BlackTitle "GM"]
[WhiteElo "2770"]
[BlackElo "2691"]
[WhiteFideId "5202213"]
[BlackFideId "2004887"]
[EventDate "2020.09.21"]

1. Nf3 d5 2. e3 Nf6 3. c4 e6 4. b3 Bd6 5. Bb2 O-O 6. Nc3 Re8 7. d4 b6 8. Bd3 Bb7
9. O-O Nbd7 10. Rc1 a6 11. Qc2 dxc4 12. bxc4 c5 13. d5 exd5 14. Nxd5 Bxd5 15.
cxd5 b5 16. Bf5 g6 17. Bxd7 Nxd7 18. e4 c4 19. Rfe1 Qc7 20. h4 Rac8 21. h5 b4
22. Bd4 Ne5 23. Nxe5 Bxe5 24. Rcd1 c3 25. Bxe5 Qxe5 26. d6 Rcd8 27. Qa4 a5 28.
hxg6 hxg6 29. Re3 Re6 30. Rd5 Qf4 31. g3 Qg4 32. Qc6 Rxe4 33. Re5 Rxe5 34. Rxe5
Qd1+ 35. Kg2 Qxd6 36. Qe4 Kg7 37. Rxa5 Qc7 0-1

[Event "Chess24 Banter Final 2020"]
[Site "chess24.com INT"]
[Date "2020.09.21"]
[Round "1.4"]
[White "Shankland, Sam"]
[Black "So, Wesley"]
[Result "0-1"]
[WhiteTitle "GM"]
[BlackTitle "GM"]
[WhiteElo "2691"]
[BlackElo "2770"]
[WhiteFideId "2004887"]
[BlackFideId "5202213"]
[EventDate "2020.09.21"]

1. d4 Nf6 2. c4 e6 3. g3 d5 4. Bg2 Bb4+ 5. Nd2 O-O 6. Nf3 b6 7. O-O Bb7 8. cxd5
exd5 9. a3 Bd6 10. Ne5 Re8 11. Ndc4 Bf8 12. Bg5 c6 13. Ne3 h6 14. Bxf6 Qxf6 15.
Rc1 Qe6 16. Qc2 Bd6 17. Nd3 Nd7 18. Qb3 Qf6 19. Rfd1 h5 20. Bf3 h4 21. Nb4 Rac8
22. Bg4 hxg3 23. hxg3 Red8 24. Qa4 Bxb4 25. axb4 a6 26. Qc2 g6 27. Kg2 Qe7 28.
Qd2 f5 29. Bf3 Nf6 30. Rh1 Kg7 31. Rh4 Rh8 32. Rch1 Rxh4 33. Rxh4 Kf7 34. Nc2
Rg8 35. Rh6 g5 36. Ne3 Bc8 37. Kg1 Rg6 38. Bh5 Nxh5 39. Rxh5 f4 40. Rh7+ Rg7 41.
Rxg7+ Kxg7 42. gxf4 gxf4 43. Ng2 f3 44. exf3 Be6 45. Qf4 Qxb4 46. Qe5+ Kf7 47.
Nf4 Bd7 48. Qh5+ Ke7 49. Qg5+ Ke8 50. Ng6 a5 51. Kg2 Be6 52. Qf6 Qd6 53. Ne5
Bh3+ 0-1

[Event "Chess24 Banter Final 2020"]
[Site "chess24.com INT"]
[Date "2020.09.21"]
[Round "1.5"]
[White "So, Wesley"]
[Black "Shankland, Sam"]
[Result "0-1"]
[WhiteTitle "GM"]
[BlackTitle "GM"]
[WhiteElo "2770"]
[BlackElo "2691"]
[WhiteFideId "5202213"]
[BlackFideId "2004887"]
[EventDate "2020.09.21"]

1. d4 d5 2. Nf3 Nf6 3. Bf4 c5 4. e3 Nc6 5. Nbd2 Qb6 6. dxc5 Qxb2 7. Rb1 Qc3 8.
Bb5 g6 9. O-O Bg7 10. Nb3 O-O 11. Nfd4 e5 12. Nxc6 bxc6 13. Bxc6 exf4 14. Bxa8
Ba6 15. Bxd5 fxe3 16. Bf3 Ne4 17. Be2 exf2+ 18. Rxf2 Qe3 19. Qf1 Nxf2 20. Bxa6
Ng4+ 21. Kh1 Be5 22. Qe2 Qh6 23. g3 Bxg3 24. Rg1 Nf2+ 25. Kg2 Qh3+ 26. Kf3 Bh4+
27. Rg3 Bxg3 28. hxg3 Qf5+ 29. Kg2 Ng4 30. Bd3 Qh5 31. c6 Rc8 32. Kg1 Rxc6 0-1

[Event "Chess24 Banter Final 2020"]
[Site "chess24.com INT"]
[Date "2020.09.21"]
[Round "1.6"]
[White "Shankland, Sam"]
[Black "So, Wesley"]
[Result "0-1"]
[WhiteTitle "GM"]
[BlackTitle "GM"]
[WhiteElo "2691"]
[BlackElo "2770"]
[WhiteFideId "2004887"]
[BlackFideId "5202213"]
[EventDate "2020.09.21"]

1. d4 Nf6 2. c4 e6 3. g3 Bb4+ 4. Nd2 c5 5. a3 Bxd2+ 6. Qxd2 cxd4 7. Nf3 b6 8.
Bg2 Bb7 9. O-O Bxf3 10. Bxf3 Nc6 11. b4 Rc8 12. Bb2 Ne5 13. Qg5 Nxc4 14. Bxd4
O-O 15. e4 h6 16. Qh4 Nd2 17. Be2 Nfxe4 0-1

[Event "Chess24 Banter Final 2020"]
[Site "chess24.com INT"]
[Date "2020.09.21"]
[Round "1.7"]
[White "So, Wesley"]
[Black "Shankland, Sam"]
[Result "1-0"]
[WhiteTitle "GM"]
[BlackTitle "GM"]
[WhiteElo "2770"]
[BlackElo "2691"]
[WhiteFideId "5202213"]
[BlackFideId "2004887"]
[EventDate "2020.09.21"]

1. Nf3 c5 2. g3 g6 3. c4 Bg7 4. Bg2 Nc6 5. Nc3 e5 6. a3 Nge7 7. O-O O-O 8. Ne1
d6 9. Nc2 Be6 10. Ne3 a6 11. b4 f5 12. Rb1 cxb4 13. axb4 e4 14. Bb2 Rc8 15. d3
exd3 16. exd3 f4 17. Ned5 fxg3 18. hxg3 Nf5 19. b5 axb5 20. Nxb5 Bxb2 21. Rxb2
Kh8 22. Qd2 Bxd5 23. Bxd5 Qf6 24. Kg2 Rce8 25. Be4 Ne5 26. Nc7 Nxc4 27. Nxe8
Nfe3+ 28. Kg1 Nxf1 29. Nxf6 Nfxd2 30. dxc4 Nxc4 31. Rb4 b5 32. Nd5 Rb8 33. Bd3
Ne5 34. Rxb5 1-0

[Event "Chess24 Banter Final 2020"]
[Site "chess24.com INT"]
[Date "2020.09.21"]
[Round "1.8"]
[White "Shankland, Sam"]
[Black "So, Wesley"]
[Result "0-1"]
[WhiteTitle "GM"]
[BlackTitle "GM"]
[WhiteElo "2691"]
[BlackElo "2770"]
[WhiteFideId "2004887"]
[BlackFideId "5202213"]
[EventDate "2020.09.21"]

1. d4 Nf6 2. c4 e6 3. g3 Bb4+ 4. Bd2 Bxd2+ 5. Qxd2 O-O 6. Bg2 d5 7. Nf3 Nbd7 8.
Na3 c6 9. O-O a5 10. Rfc1 b6 11. b3 Bb7 12. Qb2 Qe7 13. Ne5 Nxe5 14. dxe5 Ng4
15. cxd5 exd5 16. f4 f6 17. Bf3 Ne3 18. exf6 Rxf6 19. Nc2 Re8 20. Nxe3 Qxe3+ 21.
Kg2 c5 22. Rd1 Rd6 23. Rd3 Qe7 24. Re1 d4 25. e4 dxe3 26. Rdxe3 Bxf3+ 27. Kxf3
Qb7+ 28. Kf2 Rxe3 29. Rxe3 Qh1 30. Re2 Qxh2+ 31. Kf3 Rd3+ 0-1

[Event "Chess24 Banter Final 2020"]
[Site "chess24.com INT"]
[Date "2020.09.22"]
[Round "1.1"]
[White "Giri, Anish"]
[Black "Svidler, Peter"]
[Result "1-0"]
[WhiteTitle "GM"]
[BlackTitle "GM"]
[WhiteElo "2764"]
[BlackElo "2723"]
[WhiteFideId "24116068"]
[BlackFideId "4102142"]
[EventDate "2020.09.21"]

1. Nf3 Nf6 2. c4 g6 3. Nc3 d5 4. cxd5 Nxd5 5. h4 Nc6 6. h5 Bg7 7. d4 Bf5 8. Rh4
Bf6 9. g4 Bxh4 10. gxf5 Bf6 11. e4 Nxc3 12. bxc3 gxf5 13. e5 Bxe5 14. dxe5 Qxd1+
15. Kxd1 O-O-O+ 16. Kc2 Rhg8 17. e6 fxe6 18. Bc4 Rd6 19. Ba3 Kd7 20. Re1 Rg4 21.
Bxd6 Rxc4 22. Bg3 b5 23. Ng5 h6 24. Nxe6 Nb4+ 25. Kb3 Nd5 26. Re5 f4 27. Rxd5+
Kxe6 28. Rxb5 fxg3 29. Kxc4 1-0

[Event "Chess24 Banter Final 2020"]
[Site "chess24.com INT"]
[Date "2020.09.22"]
[Round "1.2"]
[White "Svidler, Peter"]
[Black "Giri, Anish"]
[Result "1-0"]
[WhiteTitle "GM"]
[BlackTitle "GM"]
[WhiteElo "2723"]
[BlackElo "2764"]
[WhiteFideId "4102142"]
[BlackFideId "24116068"]
[EventDate "2020.09.21"]

1. Nf3 d5 2. g3 g6 3. Bg2 Bg7 4. O-O e5 5. d3 Nc6 6. e4 dxe4 7. dxe4 Qxd1 8.
Rxd1 Bg4 9. c3 Nf6 10. h3 Bxf3 11. Bxf3 h5 12. Nd2 O-O-O 13. Re1 Bh6 14. Nc4
Bxc1 15. Raxc1 Rhe8 16. Kg2 Nb8 17. b4 Nbd7 18. Bd1 Nb6 19. Na5 Rd2 20. Bb3 Re7
21. c4 Nbd7 22. c5 Nb8 23. Nc4 Rd4 24. Nd6+ Kd7 25. Nxf7 Rxb4 26. Red1+ Kc6 27.
a4 Rxf7 28. Bxf7 g5 29. Rd8 Nbd7 30. Bd5+ 1-0

[Event "Chess24 Banter Final 2020"]
[Site "chess24.com INT"]
[Date "2020.09.22"]
[Round "1.4"]
[White "Svidler, Peter"]
[Black "Giri, Anish"]
[Result "1-0"]
[WhiteTitle "GM"]
[BlackTitle "GM"]
[WhiteElo "2723"]
[BlackElo "2764"]
[WhiteFideId "4102142"]
[BlackFideId "24116068"]
[EventDate "2020.09.21"]

1. Nf3 d5 2. b3 Bg4 3. Bb2 Nd7 4. e3 e5 5. h3 Bxf3 6. Qxf3 Ngf6 7. c4 c6 8. cxd5
cxd5 9. Nc3 e4 10. Qg3 a6 11. Be2 Qb8 12. f4 exf3 13. Qxf3 Qe5 14. O-O-O Qe6 15.
g4 Rc8 16. Kb1 Bd6 17. g5 Ne4 18. Nxe4 dxe4 19. Qg4 O-O 20. Bc4 Qxg4 21. hxg4
Be5 22. g6 hxg6 23. Rh3 Rxc4 24. bxc4 f6 25. Ba3 Rc8 26. Rdh1 Rxc4 27. Rh8+ Kf7
28. Rd8 Rc7 29. Rhh8 g5 30. Rc8 Rxc8 31. Rxc8 g6 32. Kc2 f5 33. Kd1 fxg4 34. Ke2
g3 35. Kf1 Nf6 36. Bb4 Nh5 37. Bc3 Bd6 38. Rd8 Ke6 39. Re8+ Kf5 40. Kg2 b5 41.
Ra8 b4 42. Bd4 Nf4+ 43. Kxg3 Nd3+ 44. Kg2 Ne1+ 45. Kf1 Nf3 46. Rxa6 Bg3 47. Kg2
Be1 48. Rf6+ Kg4 49. Bc5 Bxd2 50. Rb6 Kf5 51. Rb5 Kg4 52. Bxb4 Bxe3 53. a4 Nh4+
54. Kf1 Kf3 55. Bc5 Nf5 56. a5 Bd2 57. a6 Ng3+ 58. Kg1 Ne2+ 59. Kh1 g4 60. Rb3+
e3 61. a7 Ng3+ 62. Kh2 Kf2 63. Rb1 Nf1+ 64. Rxf1+ Kxf1 65. a8=Q Ke2 66. Kg2 Kd3
67. Qa6+ 1-0

[Event "Chess24 Banter Final 2020"]
[Site "chess24.com INT"]
[Date "2020.09.22"]
[Round "1.5"]
[White "Giri, Anish"]
[Black "Svidler, Peter"]
[Result "1-0"]
[WhiteTitle "GM"]
[BlackTitle "GM"]
[WhiteElo "2764"]
[BlackElo "2723"]
[WhiteFideId "24116068"]
[BlackFideId "4102142"]
[EventDate "2020.09.21"]

1. Nf3 d5 2. d4 Bf5 3. c4 e6 4. Nc3 c6 5. Qb3 Qb6 6. c5 Qc7 7. Bf4 Qc8 8. Nh4
Nf6 9. Nxf5 exf5 10. e3 Be7 11. Be2 Bd8 12. Qc2 g6 13. h3 h5 14. O-O-O h4 15. g4
hxg3 16. fxg3 Bc7 17. Bxc7 Qxc7 18. g4 fxg4 19. hxg4 Rxh1 20. Rxh1 Nbd7 21. g5
Ng8 22. Bg4 O-O-O 23. Qf2 Rf8 24. Rh7 Ne7 25. Rxf7 Rxf7 26. Qxf7 Kd8 27. Qe6 Nf8
28. Qf6 Ke8 29. Qf2 b6 30. cxb6 axb6 31. e4 dxe4 32. Nxe4 Nd5 33. Nf6+ Nxf6 34.
Qxf6 c5 35. Bf3 cxd4+ 36. Bc6+ Nd7 37. Qxg6+ Kf8 38. Qf5+ 1-0

[Event "Chess24 Banter Final 2020"]
[Site "chess24.com INT"]
[Date "2020.09.22"]
[Round "1.6"]
[White "Svidler, Peter"]
[Black "Giri, Anish"]
[Result "1-0"]
[WhiteTitle "GM"]
[BlackTitle "GM"]
[WhiteElo "2723"]
[BlackElo "2764"]
[WhiteFideId "4102142"]
[BlackFideId "24116068"]
[EventDate "2020.09.21"]

1. e4 c5 2. Nf3 d6 3. c3 Nf6 4. h3 Nc6 5. Bd3 e5 6. Qe2 g6 7. a4 Bg7 8. Bc4 O-O
9. d3 a6 10. O-O Rb8 11. Na3 h6 12. Be3 Re8 13. Rfe1 Bd7 14. Qd2 g5 15. b4 cxb4
16. cxb4 Ne7 17. Bb3 b5 18. axb5 axb5 19. Nc2 Ng6 20. Ra7 g4 21. hxg4 Nxg4 22.
Rea1 Be6 23. Bxe6 Rxe6 24. Qe2 d5 25. Ng5 hxg5 26. Qxg4 dxe4 27. Bxg5 Qxd3 28.
Ne3 Rbe8 29. Nf5 Qc4 30. Bh6 Bh8 31. Be3 Rf6 32. Bg5 1-0

[Event "Chess24 Banter Final 2020"]
[Site "chess24.com INT"]
[Date "2020.09.22"]
[Round "1.8"]
[White "Svidler, Peter"]
[Black "Giri, Anish"]
[Result "1/2-1/2"]
[WhiteTitle "GM"]
[BlackTitle "GM"]
[WhiteElo "2723"]
[BlackElo "2764"]
[WhiteFideId "4102142"]
[BlackFideId "24116068"]
[EventDate "2020.09.21"]

1. Nf3 d5 2. c4 d4 3. b4 c5 4. bxc5 Nc6 5. g3 e5 6. d3 Bxc5 7. Bg2 Nf6 8. O-O
O-O 9. Ba3 Bxa3 10. Nxa3 Qe7 11. Nc2 Rd8 12. Nd2 Bf5 13. Rb1 e4 14. Nxe4 Nxe4
15. dxe4 Bxe4 16. Bxe4 Qxe4 17. Qd3 Qe7 18. Rb5 Rd7 19. Rd5 Rad8 20. Nxd4 Rxd5
21. cxd5 Rxd5 22. Nxc6 bxc6 23. Qc4 Qd7 24. e3 h5 25. h4 Rd2 26. Kg2 1/2-1/2

[Event "Chess24 Banter Final 2020"]
[Site "chess24.com INT"]
[Date "2020.09.22"]
[Round "1.9"]
[White "Giri, Anish"]
[Black "Svidler, Peter"]
[Result "1/2-1/2"]
[WhiteTitle "GM"]
[BlackTitle "GM"]
[WhiteElo "2764"]
[BlackElo "2723"]
[WhiteFideId "24116068"]
[BlackFideId "4102142"]
[EventDate "2020.09.21"]

1. Nf3 Nf6 2. c4 e6 3. d4 d5 4. Nc3 dxc4 5. e4 Bb4 6. Bxc4 Nxe4 7. O-O Nf6 8.
Qa4+ Nc6 9. Ne5 Rb8 10. Rd1 O-O 11. Nxc6 bxc6 12. Qxa7 Bd7 13. Qa4 c5 14. Qc2
cxd4 15. Rxd4 h6 16. Bf4 Bc5 17. Rd2 Qe7 18. Ne4 Nxe4 19. Qxe4 Bd6 20. Rad1 Bb5
21. b3 Bxc4 22. Qxc4 Bxf4 23. Qxf4 c5 24. h3 Rb4 25. Qe5 Rc8 26. Rd7 Qf6 27.
Qxf6 gxf6 28. Rc1 c4 29. Rd4 Ra8 30. Rdxc4 Rxc4 31. bxc4 Rxa2 32. c5 Ra7 33. Kh2
Rc7 34. c6 Kg7 35. Kg3 f5 36. Kh4 Kg6 37. Rc3 e5 38. Rc5 f4 39. Rxe5 Rxc6 40.
Kg4 Rc2 41. Kf3 Ra2 42. Rd5 Kg7 43. Rd4 Rb2 44. Rxf4 Ra2 45. Kg3 Ra3+ 46. Kg4
Ra2 47. h4 Rb2 48. Rf5 Rb4+ 49. Kh5 Rb2 50. g4 Rb6 51. f4 f6 52. Rc5 Rb7 53. Ra5
Rc7 54. Rb5 Ra7 55. f5 Rc7 56. Rb6 Ra7 57. Re6 Rb7 58. Re2 Ra7 59. Rc2 Rb7 60.
Rc4 Ra7 61. Rc6 Rb7 62. Ra6 Rc7 63. g5 hxg5 64. hxg5 fxg5 65. Kxg5 Rb7 66. Rh6
Rb1 67. f6+ Kf7 68. Rh7+ Kf8 69. Ra7 Rg1+ 70. Kf5 1/2-1/2

[Event "Chess24 Banter Final 2020"]
[Site "chess24.com INT"]
[Date "2020.09.22"]
[Round "1.10"]
[White "Svidler, Peter"]
[Black "Giri, Anish"]
[Result "0-1"]
[WhiteTitle "GM"]
[BlackTitle "GM"]
[WhiteElo "2723"]
[BlackElo "2764"]
[WhiteFideId "4102142"]
[BlackFideId "24116068"]
[EventDate "2020.09.21"]

1. Nf3 d5 2. g3 Bg4 3. Bg2 Nd7 4. c4 e6 5. cxd5 exd5 6. O-O Ngf6 7. h3 Bh5 8. d3
Bc5 9. Nc3 c6 10. Qb3 Bb6 11. Na4 O-O 12. Nxb6 axb6 13. Qc2 Re8 14. b3 Bxf3 15.
Bxf3 Ne5 16. Bg2 h5 17. Bg5 Qd6 18. e4 dxe4 19. dxe4 Nh7 20. Be3 b5 21. Rad1 Qg6
22. Kh2 Nf6 23. Bd4 Nxe4 24. Bxe4 Nf3+ 25. Kg2 Rxe4 26. Ba1 h4 27. Qd3 Ng5 28.
Rd2 Qe6 29. g4 Rxg4+ 30. hxg4 Qxg4+ 31. Kh1 Nf3 32. Qd7 Qf4 33. Kg2 Nxd2 34. Re1
Qf3+ 35. Kg1 h3 0-1

[Event "Chess24 Banter Final 2020"]
[Site "chess24.com INT"]
[Date "2020.09.22"]
[Round "1.11"]
[White "Giri, Anish"]
[Black "Svidler, Peter"]
[Result "1/2-1/2"]
[WhiteTitle "GM"]
[BlackTitle "GM"]
[WhiteElo "2764"]
[BlackElo "2723"]
[WhiteFideId "24116068"]
[BlackFideId "4102142"]
[EventDate "2020.09.21"]

1. Nf3 Nc6 2. d4 d5 3. Bf4 Bg4 4. e3 e6 5. c4 Nf6 6. Nc3 Bb4 7. Rc1 O-O 8. a3
Bd6 9. Bg5 Be7 10. Be2 Ne4 11. Bxe7 Nxe7 12. O-O Nxc3 13. Rxc3 Bxf3 14. Bxf3 c6
15. Be2 Nf5 16. cxd5 exd5 17. b4 a6 18. a4 Nd6 19. Qb3 Qd7 20. b5 axb5 21. axb5
Rfc8 22. bxc6 bxc6 23. Rfc1 Rc7 24. Qd1 g6 25. Bg4 Qe8 26. Bf3 Rcc8 27. Qc2 Nc4
28. Be2 Nd6 29. Bd3 Rc7 30. g3 Rac8 31. Qa4 Qd7 32. Kg2 h5 33. h3 Kg7 34. R3c2
Ne4 35. Bxe4 dxe4 36. Rc5 Qd6 37. Qc2 Re7 38. h4 Qf6 39. Rxc6 Qf3+ 40. Kg1 Rxc6
41. Qxc6 Ra7 42. Qc2 g5 43. hxg5 h4 44. Qd1 hxg3 45. Qxf3 exf3 46. fxg3 Ra2 47.
Rc6 Re2 48. Rf6 Rxe3 49. d5 Rd3 50. d6 Rd2 51. Kf1 f2 52. g4 Kg8 53. g6 fxg6 54.
Rxg6+ Kf7 55. Rh6 Kg7 56. Re6 Kf7 57. Rh6 Kg7 58. g5 Kf7 59. Rf6+ Kg7 60. Kg2
Rd5 61. Kxf2 Rxg5 62. Re6 Kf7 63. Rh6 Rd5 64. Ke3 Ke8 65. Ke4 Rd1 66. Ke5 Re1+
67. Kd5 Kd8 68. Rh8+ Kd7 69. Rh7+ Kd8 70. Rh8+ Kd7 71. Rh7+ Kd8 72. Rh8+ 1/2-1/2

[Event "Chess24 Banter Final 2020"]
[Site "chess24.com INT"]
[Date "2020.09.22"]
[Round "1.12"]
[White "Svidler, Peter"]
[Black "Giri, Anish"]
[Result "1/2-1/2"]
[WhiteTitle "GM"]
[BlackTitle "GM"]
[WhiteElo "2723"]
[BlackElo "2764"]
[WhiteFideId "4102142"]
[BlackFideId "24116068"]
[EventDate "2020.09.21"]

1. Nf3 d5 2. g3 Nf6 3. Bg2 c6 4. O-O Bg4 5. c4 e6 6. cxd5 Bxf3 7. Bxf3 cxd5 8.
Nc3 Nc6 9. d4 Be7 10. e3 O-O 11. b3 Qa5 12. Bd2 Bb4 13. Nb1 Rfc8 14. a3 Bxd2 15.
Nxd2 Qb6 16. Be2 Ne7 17. Bd3 Rc3 18. Bc2 Rac8 19. Ra2 a5 20. Nf3 Qc7 21. Bd3 Qb6
22. Bc2 g6 23. Qe2 Kg7 24. Rb1 R8c7 25. Kg2 Nc8 26. b4 Nd6 27. Ne5 Nc4 28. Nxc4
R3xc4 29. Bd3 Rc3 30. bxa5 Qxa5 31. a4 Rc1 32. Rxc1 Rxc1 33. Qd2 Qxd2 34. Rxd2
Rc3 35. Bb5 Ne4 36. Rb2 Nd6 37. Be2 Kf8 38. a5 Ra3 39. Rb6 Ke7 40. a6 bxa6 41.
Rxa6 Rxa6 42. Bxa6 h5 43. h4 Kf6 44. Bd3 Ne8 45. Kf3 Nd6 46. Ke2 1/2-1/2

[Event "Chess24 Banter Final 2020"]
[Site "chess24.com INT"]
[Date "2020.09.22"]
[Round "1.13"]
[White "Giri, Anish"]
[Black "Svidler, Peter"]
[Result "1-0"]
[WhiteTitle "GM"]
[BlackTitle "GM"]
[WhiteElo "2764"]
[BlackElo "2723"]
[WhiteFideId "24116068"]
[BlackFideId "4102142"]
[EventDate "2020.09.21"]

1. Nf3 g6 2. e4 d5 3. exd5 Qxd5 4. Nc3 Qd8 5. d4 Bg7 6. Bf4 c6 7. Qd2 Nf6 8.
O-O-O O-O 9. Bh6 Bg4 10. Be2 Nbd7 11. Bxg7 Kxg7 12. Ne5 Bxe2 13. Qxe2 Nd5 14.
Nxd5 cxd5 15. h4 h5 16. g4 Nxe5 17. dxe5 Rh8 18. e6 f6 19. Rhg1 hxg4 20. Qxg4
Rh6 21. h5 Qd6 22. Qf5 Kh8 23. Rxg6 Rh7 24. Rxf6 Rg8 25. Rf8 Rg7 26. h6 Rg2 27.
h7 1-0

[Event "Chess24 Banter Final 2020"]
[Site "chess24.com INT"]
[Date "2020.09.22"]
[Round "1.1"]
[White "Aronian, Levon"]
[Black "Jones, Gawain C B"]
[Result "1-0"]
[WhiteTitle "GM"]
[BlackTitle "GM"]
[WhiteElo "2773"]
[BlackElo "2670"]
[WhiteFideId "13300474"]
[BlackFideId "409561"]
[EventDate "2020.09.21"]

1. e4 c5 2. Nf3 d6 3. c3 Nf6 4. h3 Nc6 5. Bd3 e5 6. Bc2 d5 7. exd5 Qxd5 8. d3
Be6 9. O-O h6 10. Qe2 c4 11. Nbd2 cxd3 12. Bxd3 O-O-O 13. Bc4 Qd6 14. Re1 g5 15.
Bb5 Bg7 16. Nc4 Bxc4 17. Qxc4 Rhe8 18. Qxf7 Re7 19. Qc4 Rc7 20. Bxc6 Rxc6 21.
Qa4 Ra6 22. Qc2 Nd5 23. Be3 Nxe3 24. Rxe3 Kb8 25. a3 Qd5 26. Rae1 Re6 27. Qe4 a5
28. a4 Rb6 29. Qxd5 Rxd5 30. c4 Rd7 31. b3 e4 32. Rxe4 Rxb3 33. h4 gxh4 34. Nxh4
Rb4 35. c5 Bc3 36. R1e2 Rdd4 37. Re8+ Ka7 38. Nf5 Rd5 39. Nd6 Rxc5 40. Nb5+ Ka6
41. R2e6+ Rc6 42. Nc7+ Ka7 43. Ra8+ Kb6 44. Nd5+ Kc5 45. Rxc6+ bxc6 46. Nxc3 Kc4
47. Ne4 Rxa4 48. f3 Ra1+ 49. Kh2 a4 50. Rc8 Kd5 51. Rd8+ Ke5 52. Re8+ Kd4 53.
Re6 c5 54. Rd6+ Ke5 55. Rc6 a3 56. Rxc5+ Kf4 57. Ra5 Ke3 58. Nd6 Kf2 59. f4 Rg1
60. Ne4+ Kf1 61. Ng3+ Kf2 62. Rxa3 Rxg2+ 63. Kh3 Rg1 64. f5 Rb1 65. f6 Rb6 66.
f7 Rb8 67. Ra5 Rf8 68. Rf5+ Ke3 69. Kg4 1-0

[Event "Chess24 Banter Final 2020"]
[Site "chess24.com INT"]
[Date "2020.09.22"]
[Round "1.2"]
[White "Jones, Gawain C B"]
[Black "Aronian, Levon"]
[Result "1/2-1/2"]
[WhiteTitle "GM"]
[BlackTitle "GM"]
[WhiteElo "2670"]
[BlackElo "2773"]
[WhiteFideId "409561"]
[BlackFideId "13300474"]
[EventDate "2020.09.21"]

1. e4 e5 2. Nf3 Nf6 3. d4 Nxe4 4. Bd3 Nc6 5. Nxe5 Nf6 6. O-O Be7 7. Nf3 O-O 8.
c3 d6 9. h3 Re8 10. Re1 h6 11. Nbd2 Bf8 12. Nf1 Rxe1 13. Qxe1 Be6 14. Ng3 Qd7
15. Be3 Re8 16. Qd1 Ne7 17. c4 d5 18. Ne5 Qc8 19. c5 Nf5 20. Nxf5 Bxf5 21. b4 c6
22. a4 Bxd3 23. Qxd3 a6 24. Bf4 Nd7 25. b5 axb5 26. axb5 Nxe5 27. Bxe5 Bxc5 28.
Bxg7 Kxg7 29. dxc5 Qe6 30. b6 Qf6 31. Qg3+ Kh7 32. Ra7 Re7 33. Ra8 Qg7 34. Qd3+
Qg6 35. Qd4 Qg7 36. Qf4 Re1+ 37. Kh2 Qe5 38. Kg3 Qg7+ 39. Kh2 Qe5 40. Kg3 Qg7+
41. Qg4 Rc1 42. Rb8 Rxc5 43. Rxb7 Rb5 44. Qxg7+ Kxg7 45. Kf4 d4 46. Ke4 Rb4 47.
g4 c5 48. Kd5 d3 49. Kxc5 Rd4 50. Kxd4 d2 51. Rc7 d1=Q+ 52. Kc5 Qc2+ 53. Kd6
Qd2+ 54. Kc6 Qc2+ 55. Kd7 Qxf2 56. b7 Qb6 57. Kc8 Qa6 58. Kd8 Qd6+ 59. Kc8 Qa6
60. h4 Kg6 61. Kd7 Qb5+ 62. Rc6+ Kg7 63. Kc7 Qe5+ 64. Kc8 Qe8+ 65. Kc7 Qe5+ 66.
Kc8 Qe8+ 67. Kc7 Qe5+ 1/2-1/2